| 000 | 01390naa a22003377a 4500 | ||
|---|---|---|---|
| 001 | BR7100239 | ||
| 003 | BR-BrBNA | ||
| 005 | 20240918173418.0 | ||
| 007 | ta | ||
| 008 | 230509b bl.||||| |||| 00| 0 por d | ||
| 040 |
_aBR-BrBNA _bpor _cBiblioteca Nacional de Agricultura |
||
| 041 | _a(Pt) | ||
| 072 |
_aL74 _b/G514 |
||
| 090 | _aL74 BR7100239 | ||
| 100 | 1 | _aMancuso, P.C. | |
| 111 | 1 |
_a1. Congresso da Sociedade de Veterinaria do Rio Grande do Sul _cBage, RS (Brazil) _dJul 1971 |
|
| 245 | 1 | _aNiveis de calcio, fosforo e magnesio em soros de bovinos do Rio Grande do Sul, 2: Alegrete, Bage, Cacapava do Sul, Camaqua, Jaguarao e Pelotas [Disturbio Animal; Deficiencia mineral; Deficiencia nutricional; Brasil] | |
| 260 | 3 |
_aPorto Alegre, RS (Brasil): _c1971. |
|
| 500 | _aTrabalhos apresentados no 1. Congresso da Sociedade de Veterinaria do Rio Grande do Sul Porto Alegre, RS (Brasil): 1971. p. 9-12 (BR7100239-AM)L74 | ||
| 650 | _aDisturbio animal | ||
| 650 | _aBovino | ||
| 650 | _aDeficiencia mineral | ||
| 650 | _aFosforo | ||
| 650 | _aMagnesio | ||
| 650 | _aDeficiencia Nutricional | ||
| 650 | _aSoro | ||
| 650 | _aRio Grande do Sul | ||
| 773 | 0 |
_tTrabalhos apresentados no 1. Congresso da Sociedade de Veterinaria do Rio Grande do Sul _wL74 BR7100239 _gPorto Alegre, RS (Brasil), 1971. p. 9-12 |
|
| 909 |
_a202404 _bLucia _c55 _dLucia Elande |
||
| 942 |
_cAM _2AGRIS |
||
| 999 |
_c304461 _d304461 |
||